Sports Quiz

Random Sports Quiz
Score 0/32 Timer 15:00
2 Plays Today
Buts Joueur % Correct
5Kylian Mbappé
91.7%
11Robert Lewandowski
89.6%
3Neymar
89.5%
4Karim Benzema
78.6%
3Luis Suarez
74.2%
10Erling Braut Haaland
69%
5Mauro Icardi
68.9%
4Mohamed Salah
66.9%
3Paulo Dybala
55.4%
6Harry Kane
47.3%
5Raheem Sterling
45.8%
6Serge Gnabry
43.1%
5Memphis Depay
42.7%
5Gabriel Jesus
41.6%
4Timo Werner
39.6%
5Josip Ilicic
36.5%
Buts Joueur % Correct
6Dries Mertens
34.7%
3Alvaro Morata
34%
5Heung-Min Son
31.5%
5Lautaro Martinez
30.5%
4Rodrygo
14.7%
3Arkadiusz Milik
13.7%
4Marcel Sabitzer
11.6%
4Achraf Hakimi
10.2%
4Emil Forsberg
6%
4Quincy Promes
5.3%
3Alex Oxlade-Chamberlain
4.7%
3Pizzi
4.5%
3Hee-Chan Hwang
4.2%
3Youssef El-Arabi
3.5%
4Mislav Orsic
3.2%
3Ally Mbwana Samatta
2.1%
Remove Ads.
Support Sporcle.
Get the best of Sporcle when you Go Orange. This ad-free experience offers more features, more stats, and more fun while also helping to support Sporcle. Thank you for becoming a member.

You're not logged in!

Compare scores with friends on all Sporcle quizzes.
OR
Log In

Sporcle TV

Today on Sporcle TV


Watch our educational content, quiz creation guides, and fun videos on Sporcle TV.

Show Comments

Extras

Created Jul 9, 2020ReportNominate
Tags:champion, des, les, ligue, Miller, Outer

Top Quizzes Today


Score Distribution

Paid Content

Your Account Isn't Verified!

In order to create a playlist on Sporcle, you need to verify the email address you used during registration. Go to your Sporcle Settings to finish the process.

Report this User

Report this user for behavior that violates our Community Guidelines.

Details: